Notes on infinite permutation groups

Αποθηκεύτηκε σε:
Λεπτομέρειες βιβλιογραφικής εγγραφής
Άλλοι συγγραφείς: Bhattacharjee, M. (Meenaxi) 1965-
Μορφή: Βιβλίο
Γλώσσα:English
Δημοσίευση: Berlin ; New York : Springer-Verlag, c1998
Σειρά:Lecture notes in mathematics (Springer-Verlag) ; 1698
Θέματα:
Ετικέτες: Προσθήκη ετικέτας
Δεν υπάρχουν, Καταχωρήστε ετικέτα πρώτοι!

MARC

LEADER 00000nam a2200000 i 4500
001 1/90726
008 991001s1998 eng d
020 |a 3-540-64965-4 
035 |l 10053235 
040 |a GR-MY-UA  |b gre  |e aacr 
041 0 |a eng 
082 0 |a 512.2 
245 1 0 |a Notes on infinite permutation groups /  |c M. Bhattacharjee...[et al.]. 
260 |a Berlin ; New York :   |b Springer-Verlag,   |c c1998 
300 |a xi, 202 p.;  |b ill.;  |c 24 cm. 
490 1 |a Lecture notes in mathematics (Springer-Verlag)  |v ; 1698 
504 |a Includes bibliographical references and index 
650 0 0 |a Permutation groups. 
700 1 |a Bhattacharjee, M.  |q (Meenaxi)  |d 1965- 
830 0 |a Lecture notes in mathematics (Springer-Verlag)  |v ; 1698 
852 |a INST  |b SAMOS  |e 19991001  |h 512.2 NOT  |p 005300016963  |q 005300016963  |t BK  |y 0 
901 |a BIBL3-1999-3 
909 |a Σ  |b 067389 
922 |a 3ΕΛΗ  |b 199909  |c ΕΠΕΑΕΚ/ΜΑΘ  |d ΠΑΠΑΣΩΤΗΡΙΟΥ 
970 |a ΚΟΣΙΕΡΗΣ  |b ΧΡΗΣΤΟΣ  |z 1999/10/01